000 00535nam a2200217 a 4500
001 0001-2101
003 ELIB.Books
008 190723 2010 eng
020 _a0884191141
092 _a230.082
_bBro
100 _aBrooks, Pat.
245 _aDaughters of the King
260 _aIllinois
_bCreation House
_c1976
300 _a143
_c21cm
650 _aFeminist
856 _nKBTS Library
_uKBTS Elib
942 _2ddc
_cBK
990 _a1
998 _aEnglishbooks.elf
_ccat
_e2019-07-23
999 _c12101
_d12101